[Event "GRE-chT 50th"]
[Site "Nikaia"]
[Date "2023.08.25"]
[Round "1.3"]
[White "Kasioumis, Vasilios"]
[Black "Hrisomalis, Theodoros"]
[Result "1-0"]
[WhiteElo "2347"]
[BlackElo "2125"]
[PlyCount "85"]
[EventDate "2023.08.25"]
[EventType "team"]
[EventRounds "9"]
[EventCountry "GRE"]
[SourceTitle "EXT 2024"]
[Source "ChessBase"]
[SourceDate "2023.10.10"]
[SourceVersion "1"]
[SourceVersionDate "2023.10.10"]
[SourceQuality "1"]
[WhiteTeam "Piraikos"]
[BlackTeam "Pneemathlon"]
[WhiteTeamCountry "GRE"]
[BlackTeamCountry "GRE"]

1. e4 e5 2. Nf3 Nc6 3. Bc4 Be7 4. d4 d6 5. d5 Nb8 6. Bd3 Nf6 7. c4 0-0 8. h3 c6 9. Nc3 a5 10. Be3 Qc7 11. Rc1 Na6 12. a3 Nc5 13. Bb1 Re8 14. b4 axb4 15. axb4 Ncd7 16. 0-0 Nf8 17. Qb3 Bd7 18. Bd3 Nh5 19. Rfd1 Ng6 20. Bf1 Ngf4 21. Kh2 cxd5 22. cxd5 Rec8 23. g3 Nxh3 24. Nd2 Qd8 25. Be2 Nf6 26. Nc4 Nxe4 27. Nxe4 Ba4 28. Qb1 Bxd1 29. Rxd1 f5 30. Ned2 f4 31. Bb6 Qf8 32. Bg4 Rcb8 33. Ne4 Bd8 34. Be6+ Kh8 35. Nexd6 Bxb6 36. Nf7+ Kg8 37. Nxb6 fxg3+ 38. fxg3 Re8 39. Nxa8 Rxa8 40. Nxe5+ Kh8 41. Nf7+ Kg8 42. d6 Qe8 43. Ng5+ 1-0

[Event "GRE-chT Online Rapid op 1st"]
[Site "Tornelo INT"]
[Date "2021.02.21"]
[Round "7.20"]
[White "Hrisomalis, Theodoros"]
[Black "Kalamoukos, Grigorios"]
[Result "1-0"]
[WhiteElo "2135"]
[BlackElo "1651"]
[PlyCount "105"]
[EventDate "2021.02.20"]
[EventType "team-swiss (rapid)"]
[EventRounds "9"]
[EventCountry "GRE"]
[SourceTitle "EXT 2023"]
[Source "ChessBase"]
[SourceDate "2022.10.05"]
[SourceVersion "1"]
[SourceVersionDate "2022.10.05"]
[SourceQuality "1"]

1. e4 c6 2. d4 d5 3. exd5 cxd5 4. Bd3 Nf6 5. c3 Bg4 6. Qb3 Qc7 7. Ne2 e6 8. Bf4 Qd7 9. Bxb8 a6 10. Bg3 Be7 11. 0-0 Nh5 12. f3 Bf5 13. Bxf5 exf5 14. Nf4 Nxg3 15. hxg3 0-0-0 16. Re1 Bg5 17. Na3 h5 18. Re5 Bxf4 19. gxf4 h4 20. Rae1 h3 21. g3 g5 22. fxg5 f6 23. Re7 Qc6 24. R1e6 Rd6 25. Rxd6 Qxd6 26. Qxb7+ Kd8 27. Re5 fxe5 28. Qa8+ Kc7 29. Qxh8 exd4 30. Kh2 Qe6 31. Qg7+ Kc8 32. Qh8+ Kb7 33. Qxd4 Qe2+ 34. Kxh3 Qxf3 35. Kh2 Qe2+ 36. Kg1 Qf3 37. Qf2 Qg4 38. Qe3 a5 39. Kg2 a4 40. Qe7+ Kc6 41. Qe6+ Kc7 42. g6 Qd1 43. Qe7+ Kc6 44. Qe8+ Kb7 45. Qe7+ Kb6 46. Qe3+ Kc6 47. g7 f4 48. Qxf4 Qe2+ 49. Qf2 Qe4+ 50. Qf3 Qg6 51. Qf8 Qe4+ 52. Kf2 d4 53. Qf3 1-0

[Event "GRE-chT Online Rapid op 1st"]
[Site "Tornelo INT"]
[Date "2021.02.20"]
[Round "1.17"]
[White "Hrisomalis, Theodoros"]
[Black "Karakolidis, Panagiotis"]
[Result "1-0"]
[WhiteElo "2135"]
[BlackElo "1538"]
[PlyCount "103"]
[EventDate "2021.02.20"]
[EventType "team-swiss (rapid)"]
[EventRounds "9"]
[EventCountry "GRE"]
[SourceTitle "EXT 2023"]
[Source "ChessBase"]
[SourceDate "2022.10.05"]
[SourceVersion "1"]
[SourceVersionDate "2022.10.05"]
[SourceQuality "1"]

1. e4 e5 2. Nf3 Nf6 3. d4 exd4 4. e5 Nd5 5. Qxd4 c6 6. Bc4 Nb6 7. Bb3 d5 8. exd6 Qxd6 9. 0-0 Qxd4 10. Nxd4 c5 11. Nb5 Na6 12. Re1+ Be7 13. Nd6+ Kf8 14. Nxf7 c4 15. Nxh8 cxb3 16. axb3 Bf5 17. Nc3 Bxc2 18. Bf4 Bxb3 19. Nb5 Bb4 20. Re3 Bc4 21. Nc7 Nxc7 22. Bxc7 Nd5 23. Re4 Nxc7 24. Rxc4 Na6 25. Rxa6 bxa6 26. Rxb4 Kg8 27. Ra4 Rc8 28. g3 Kxh8 29. Rxa6 Rc7 30. Kg2 g6 31. Kf3 Rb7 32. Ra2 a5 33. h4 Kg7 34. Ke4 Kf6 35. Kd4 Kf5 36. Rxa5+ Kg4 37. Kc3 Kf3 38. b4 Kxf2 39. Rg5 Ke3 40. Kc4 Rc7+ 41. Kd5 Rd7+ 42. Kc6 Rd2 43. b5 Rc2+ 44. Rc5 Rb2 45. b6 Kd4 46. Rb5 Rc2+ 47. Kd7 Kc4 48. Rb1 Rd2+ 49. Ke7 Re2+ 50. Kf7 Rd2 51. b7 Rd7+ 52. Ke8 1-0

[Event "Thessaloniki Novidis op 8th"]
[Site "Thessaloniki"]
[Date "2019.06.20"]
[Round "7"]
[White "Tsikerdanos, Konstantinos"]
[Black "Hrisomalis, Theodoros"]
[Result "0-1"]
[WhiteElo "1885"]
[BlackElo "2116"]
[PlyCount "136"]
[EventDate "2019.06.14"]
[EventType "swiss"]
[EventRounds "7"]
[EventCountry "GRE"]
[SourceTitle "EXT 2020"]
[Source "ChessBase"]
[SourceDate "2019.10.17"]
[SourceVersion "1"]
[SourceVersionDate "2019.10.17"]
[SourceQuality "1"]

1. d4 d5 2. Bg5 h6 3. Bh4 c6 4. Nf3 Bf5 5. e3 Qb6 6. Qc1 Nd7 7. Nbd2 Ngf6 8. c4 e6 9. c5 Qc7 10. Bg3 Qa5 11. a3 Nh5 12. b4 Qd8 13. Be5 f6 14. Bg3 g5 15. Qc3 Nxg3 16. hxg3 e5 17. dxe5 fxe5 18. Bd3 Bxd3 19. Qxd3 e4 20. Qc3 Rg8 21. Nd4 Bg7 22. Qb3 Rh8 23. 0-0-0 Ne5 24. Ne6 Qe7 25. Nxg7+ Qxg7 26. Kb1 0-0-0 27. f3 Qg6 28. Ka2 Rhf8 29. Rhf1 a6 30. Qc3 Rfe8 31. Nb3 Nc4 32. Rde1 Re7 33. Re2 Rf8 34. f4 Qh5 35. Qe1 Ref7 36. Nd4 Qg6 37. f5 Qf6 38. g4 Nxe3 39. Ne6 Nxf1 40. Nxf8 Rxf8 41. Qxf1 Qc3 42. Qf2 Qe5 43. Qe3 Qf4 44. Qh3 Qf1 45. Rc2 Qd1 46. Rb2 Re8 47. Qh5 Kd7 48. Qxh6 Qxg4 49. Qd6+ Kc8 50. Qg6 Rd8 51. Qe6+ Rd7 52. Qe8+ Rd8 53. Qe6+ Kb8 54. Qe5+ Ka8 55. f6 Qd7 56. Rf2 Qf7 57. Qe7 Rf8 58. Kb2 Ka7 59. Kc3 Qxe7 60. fxe7 Re8 61. Rf7 e3 62. Kd3 d4 63. g4 a5 64. Rg7 axb4 65. axb4 Ka6 66. Rxg5 Rxe7 67. Kc4 e2 68. Rg8 Ka7 0-1

[Event "Thessaloniki Novidis op 8th"]
[Site "Thessaloniki"]
[Date "2019.06.19"]
[Round "6"]
[White "Hrisomalis, Theodoros"]
[Black "Tsilias, Nikolaos"]
[Result "1-0"]
[WhiteElo "2116"]
[BlackElo "1977"]
[PlyCount "75"]
[EventDate "2019.06.14"]
[EventType "swiss"]
[EventRounds "7"]
[EventCountry "GRE"]
[SourceTitle "EXT 2020"]
[Source "ChessBase"]
[SourceDate "2019.10.17"]
[SourceVersion "1"]
[SourceVersionDate "2019.10.17"]
[SourceQuality "1"]

1. d4 Nf6 2. Nf3 e6 3. Bf4 d5 4. e3 Bd6 5. Ne5 0-0 6. Bd3 b6 7. Qe2 Bb7 8. c3 Nc6 9. Nd2 Ne7 10. Qf3 Ng6 11. h4 Nxf4 12. exf4 c5 13. a3 a5 14. h5 Ba6 15. h6 g6 16. Bxa6 Rxa6 17. g4 Nd7 18. Kf1 Ra8 19. Nxd7 Qxd7 20. Kg2 Rac8 21. dxc5 bxc5 22. c4 Bc7 23. Rad1 a4 24. f5 Qd6 25. cxd5 exd5 26. Nc4 Qe7 27. Rxd5 Rfd8 28. Rhd1 Rxd5 29. Rxd5 Qf6 30. Rxc5 Kf8 31. Qb7 Qd8 32. Nd6 Rb8 33. Qxc7 Qxc7 34. Rxc7 gxf5 35. Rxf7+ Kg8 36. Rg7+ Kf8 37. Rxh7 Rxb2 38. Nxf5 1-0

[Event "Thessaloniki Novidis op 8th"]
[Site "Thessaloniki"]
[Date "2019.06.17"]
[Round "4"]
[White "Hrisomalis, Theodoros"]
[Black "Magalakis, Stefanos"]
[Result "1-0"]
[WhiteElo "2116"]
[BlackElo "1672"]
[PlyCount "113"]
[EventDate "2019.06.14"]
[EventType "swiss"]
[EventRounds "7"]
[EventCountry "GRE"]
[SourceTitle "EXT 2020"]
[Source "ChessBase"]
[SourceDate "2019.10.17"]
[SourceVersion "1"]
[SourceVersionDate "2019.10.17"]
[SourceQuality "1"]

1. e4 c5 2. c3 d5 3. exd5 Qxd5 4. d4 Nf6 5. Nf3 Nc6 6. Be2 e6 7. 0-0 cxd4 8. cxd4 Be7 9. Nc3 Qa5 10. Bf4 0-0 11. Ne5 Rd8 12. Nxc6 bxc6 13. Bf3 Nd5 14. Be5 Ba6 15. Re1 Rac8 16. Nxd5 cxd5 17. a3 Qb6 18. Qd2 h6 19. Bg4 Rc6 20. Rac1 Rdc8 21. Rxc6 Qxc6 22. Bf4 Bf6 23. Bd1 Qb6 24. Be3 Rb8 25. b4 Bc4 26. Bc2 Be7 27. Bxh6 Qa6 28. Bf4 Rb7 29. Be3 Bf6 30. Bg5 Bxg5 31. Qxg5 Rd7 32. Re3 Qb6 33. Qe5 Qc7 34. Qxc7 Rxc7 35. h3 Kf8 36. Rc3 Ke7 37. f4 Kd6 38. Kf2 f6 39. Bd1 e5 40. fxe5+ fxe5 41. Ke3 Re7 42. dxe5+ Kxe5 43. Kd2 Kd4 44. Rg3 Rf7 45. Bf3 Ke5 46. Rg5+ Kf4 47. Rg4+ Ke5 48. h4 Re7 49. h5 Kf5 50. Rg6 Rc7 51. Rd6 Ke5 52. Rd8 Rf7 53. Ke3 Re7 54. Rh8 Kf5+ 55. Kd4 Re1 56. Rf8+ Kg5 57. Rf7 1-0

[Event "GRE-chT 46th"]
[Site "Rio Achaia"]
[Date "2018.07.14"]
[Round "6.10"]
[White "Hristodoulou, Panagiotis"]
[Black "Hrisomalis, Theodoros"]
[Result "1/2-1/2"]
[WhiteElo "2329"]
[BlackElo "2163"]
[PlyCount "157"]
[EventDate "2018.07.10"]
[EventType "team"]
[EventRounds "7"]
[EventCountry "GRE"]
[SourceTitle "CBM 185 Extra"]
[Source "ChessBase"]
[SourceDate "2018.07.29"]
[SourceVersion "1"]
[SourceVersionDate "2018.07.29"]
[SourceQuality "1"]
[WhiteTeam "OFI"]
[BlackTeam "Kavalas OFS"]
[WhiteTeamCountry "GRE"]
[BlackTeamCountry "GRE"]

1. e4 e5 2. Nf3 Nf6 3. Nc3 Bb4 4. Nxe5 0-0 5. Be2 Re8 6. Nd3 Bxc3 7. dxc3 Nxe4 8. Nf4 d6 9. 0-0 Nd7 10. c4 Ndf6 11. f3 Nc5 12. b3 Qe7 13. Rf2 Qe5 14. Rb1 b6 15. Qd2 Bb7 16. Bb2 Qg5 17. Bf1 Ne6 18. Nd3 Qxd2 19. Rxd2 Nd7 20. Kf2 Ndc5 21. Nb4 Nf4 22. a3 a5 23. Na2 Bc6 24. Nc3 Ng6 25. Nd5 Bxd5 26. cxd5 Re7 27. g3 Nd7 28. Bb5 Nf6 29. Rbd1 Ne5 30. Re2 Ng6 31. Rde1 Kf8 32. c4 Rxe2+ 33. Rxe2 Rd8 34. Bc3 Ne7 35. f4 h6 36. Kf3 Ng6 37. h3 Ne7 38. g4 Ng6 39. Kg3 Ne7 40. h4 h5 41. Bxf6 gxf6 42. f5 hxg4 43. Kxg4 Ng8 44. h5 Kg7 45. Kf4 Kh6 46. Bc6 Rc8 47. b4 Rb8 48. Be8 Kg7 49. Rg2+ Kf8 50. Bc6 Nh6 51. Rb2 axb4 52. axb4 Ke7 53. Re2+ Kf8 54. Re1 Ng8 55. Ra1 Ke7 56. Ra7 Kd8 57. Kf3 Nh6 58. Ke4 Rc8 59. Kf4 Rb8 60. Bb5 Ng8 61. Ba4 Nh6 62. Bc6 Rc8 63. b5 Ke7 64. Ke4 Ng8 65. Kf3 Nh6 66. Kf4 Ng8 67. Ra1 Nh6 68. Re1+ Kf8 69. Re2 Ng8 70. Re3 Nh6 71. Rh3 Ke7 72. Re3+ Kf8 73. Ra3 Ke7 74. Ra7 Ng8 75. Bb7 Rb8 76. Ba8 Rc8 77. Bb7 Rb8 78. Ba6 Kd7 79. Bb7 1/2-1/2

[Event "GRE-chT 46th"]
[Site "Rio Achaia"]
[Date "2018.07.12"]
[Round "4.15"]
[White "Hrisomalis, Theodoros"]
[Black "Kesidis, Odyseas"]
[Result "1-0"]
[WhiteElo "2163"]
[BlackElo "2248"]
[PlyCount "73"]
[EventDate "2018.07.10"]
[EventType "team"]
[EventRounds "7"]
[EventCountry "GRE"]
[SourceTitle "CBM 185 Extra"]
[Source "ChessBase"]
[SourceDate "2018.07.29"]
[SourceVersion "1"]
[SourceVersionDate "2018.07.29"]
[SourceQuality "1"]
[WhiteTeam "Kavalas OFS"]
[BlackTeam "Florence FL"]
[WhiteTeamCountry "GRE"]
[BlackTeamCountry "GRE"]

1. d4 Nf6 2. Nf3 g6 3. Bf4 Bg7 4. h3 0-0 5. Nbd2 c5 6. e3 cxd4 7. exd4 d6 8. Be2 b6 9. 0-0 Bb7 10. Re1 Nbd7 11. Bh2 Re8 12. Bf1 Qc7 13. a4 a6 14. a5 b5 15. c4 bxc4 16. Nxc4 Rac8 17. Rc1 Qd8 18. Qb3 Bd5 19. Qa3 Bxf3 20. gxf3 Bh6 21. Ne3 Rxc1 22. Rxc1 Qa8 23. Rc3 Nh5 24. Qa4 Ndf6 25. Qc6 Qa7 26. Qb6 Qd7 27. Qxa6 Rb8 28. Qe2 Qa7 29. a6 Qxd4 30. Qc4 Qa7 31. Qc7 Qa8 32. a7 Rf8 33. f4 Bxf4 34. Bg2 Bxh2+ 35. Kxh2 d5 36. Rb3 Ne8 37. Qb8 1-0

[Event "GRE-chT 46th"]
[Site "Rio Achaia"]
[Date "2018.07.11"]
[Round "3.16"]
[White "Georgiadis, Alexandros"]
[Black "Hrisomalis, Theodoros"]
[Result "0-1"]
[WhiteElo "1882"]
[BlackElo "2163"]
[PlyCount "96"]
[EventDate "2018.07.10"]
[EventType "team"]
[EventRounds "7"]
[EventCountry "GRE"]
[SourceTitle "CBM 185 Extra"]
[Source "ChessBase"]
[SourceDate "2018.07.29"]
[SourceVersion "1"]
[SourceVersionDate "2018.07.29"]
[SourceQuality "1"]
[WhiteTeam "Ioannites Skakiston"]
[BlackTeam "Kavalas OFS"]
[WhiteTeamCountry "GRE"]
[BlackTeamCountry "GRE"]

1. d4 d5 2. c4 e6 3. Nc3 Nf6 4. Nf3 c6 5. e3 Nbd7 6. Bd3 Bd6 7. 0-0 0-0 8. Qc2 dxc4 9. Bxc4 e5 10. Bb3 exd4 11. exd4 h6 12. h3 Nb6 13. Bxh6 gxh6 14. Qg6+ Kh8 15. Qxh6+ Nh7 16. Bc2 f5 17. Nh4 Qf6 18. Qh5 Kg7 19. f4 Qh6 20. Qxh6+ Kxh6 21. Rae1 Nd5 22. Nxd5 cxd5 23. Re3 Bd7 24. Bb3 Nf6 25. g3 Rae8 26. Rfe1 Re4 27. Bc2 Rxe3 28. Rxe3 Ne4 29. Kh2 Rg8 30. Ng2 Bc7 31. Bxe4 dxe4 32. Rb3 Bb6 33. d5 Rc8 34. Rc3 Kg6 35. Nh4+ Kf6 36. Kg2 Bd4 37. Rxc8 Bxc8 38. b3 b5 39. Kf1 b4 40. Ke1 Bc5 41. Ng2 Bb7 42. g4 Bxd5 43. g5+ Kf7 44. Nh4 Be6 45. Ke2 Bb6 46. Ng2 Kg6 47. Ne1 Bc5 48. Nc2 Kh5 0-1

[Event "GRE-chT 46th"]
[Site "Rio Achaia"]
[Date "2018.07.11"]
[Round "2.12"]
[White "Maier, Christian"]
[Black "Hrisomalis, Theodoros"]
[Result "1-0"]
[WhiteElo "2378"]
[BlackElo "2163"]
[PlyCount "161"]
[EventDate "2018.07.10"]
[EventType "team"]
[EventRounds "7"]
[EventCountry "GRE"]
[SourceTitle "CBM 185 Extra"]
[Source "ChessBase"]
[SourceDate "2018.07.29"]
[SourceVersion "1"]
[SourceVersionDate "2018.07.29"]
[SourceQuality "1"]
[WhiteTeam "Sea of Corinth Argonaut"]
[BlackTeam "Kavalas OFS"]
[WhiteTeamCountry "GRE"]
[BlackTeamCountry "GRE"]

1. c4 e5 2. g3 Nf6 3. Bg2 c6 4. Nf3 e4 5. Nd4 d5 6. cxd5 cxd5 7. Nc3 Nc6 8. Nxc6 bxc6 9. d3 exd3 10. Qxd3 Be7 11. 0-0 0-0 12. Be3 a5 13. Na4 Re8 14. Qc2 Rb8 15. Rfd1 Bd7 16. Rac1 Rb4 17. b3 Rb5 18. Nc5 Bg4 19. f3 Bc8 20. Bf2 Qc7 21. Bf1 Rb8 22. Qd3 Ra8 23. Rc3 Nd7 24. Nxd7 Qxd7 25. Qc2 Bb7 26. Bc5 Bf6 27. Bd4 Be7 28. Bc5 Bf6 29. Rcd3 Ba6 30. Re3 Rxe3 31. Bxe3 Qe8 32. Kf2 Bc8 33. Bd4 Qe6 34. Qc3 a4 35. bxa4 Rxa4 36. Bxf6 gxf6 37. Qb3 Ra8 38. Rd2 Ba6 39. a4 Bc4 40. Qb4 Re8 41. Qc5 Qe7 42. Qxc6 Qe3+ 43. Kg2 Re6 44. Qc8+ Kg7 45. Rb2 Ba6 46. Qc2 d4 47. Qd2 Qe5 48. Qf4 Qd5 49. Qg4+ Kh6 50. Rd2 Rd6 51. Qf4+ Kg7 52. Qg4+ Kh6 53. Rb2 Re6 54. Qf4+ Kg7 55. Qd2 Re3 56. Rb4 Bc4 57. Qc2 Rc3 58. Qe4 Qxe4 59. fxe4 Rc2 60. Kf3 Rc3+ 61. Kf2 Rc2 62. Ke1 Rc1+ 63. Kd2 Rc3 64. Bg2 Kf8 65. e3 Rd3+ 66. Kc1 dxe3 67. Bf1 Rd2 68. Bxc4 Rxh2 69. Rb2 Rh1+ 70. Kc2 Rg1 71. Be2 Rxg3 72. a5 Ke7 73. a6 Rg1 74. Ra2 Rg8 75. a7 Ra8 76. Bc4 f5 77. Bd5 Rc8+ 78. Kd3 fxe4+ 79. Kxe3 Kd6 80. a8Q Rxa8 81. Bxa8 1-0

[Event "Kavala op 26th"]
[Site "Kavala"]
[Date "2017.08.02"]
[Round "7"]
[White "David, Alexandru Vasile"]
[Black "Hrisomalis, Theodoros"]
[Result "1-0"]
[WhiteElo "2401"]
[BlackElo "2108"]
[PlyCount "129"]
[EventDate "2017.07.28"]
[EventType "swiss"]
[EventRounds "9"]
[EventCountry "GRE"]
[SourceTitle "CBM 179 Extra"]
[Source "ChessBase"]
[SourceDate "2017.08.23"]
[SourceVersion "1"]
[SourceVersionDate "2017.08.23"]
[SourceQuality "1"]

1. d4 Nf6 2. c4 e6 3. Nc3 d5 4. cxd5 exd5 5. Bg5 Be7 6. e3 c6 7. Bd3 Bg4 8. Nge2 Bh5 9. f4 h6 10. Bxf6 Bxf6 11. 0-0 Nd7 12. h3 Bxe2 13. Qxe2 0-0 14. g4 Re8 15. Qf3 Qe7 16. Rae1 g6 17. Kh1 Bg7 18. g5 hxg5 19. f5 g4 20. Qxg4 Nf6 21. Qg2 Ne4 22. fxg6 fxg6 23. Nxe4 dxe4 24. Bc4+ Kh8 25. Bf7 Rf8 26. Qxg6 Qh4 27. Re2 Qh6 28. Rg2 Rad8 29. Qxh6+ Bxh6 30. Rg6 Kh7 31. Rg4 Bxe3 32. Rf5 Bh6 33. Rxe4 Rd7 34. Be6 Rdd8 35. Ra5 Rf1+ 36. Kg2 Rdf8 37. Rxa7 R8f2+ 38. Kg3 Rxb2 39. Bb3 Rg1+ 40. Kh4 Rg7 41. Rg4 b6 42. Ra6 c5 43. dxc5 bxc5 44. Bd5 Rxg4+ 45. hxg4 Rh2+ 46. Kg3 Re2 47. Rc6 Be3 48. Kf3 Re1 49. Re6 Bd2 50. Rxe1 Bxe1 51. g5 Kg6 52. Kg4 Bd2 53. Be4+ Kg7 54. Kf5 c4 55. g6 Ba5 56. Ke6 c3 57. a4 Kf8 58. Kd7 Bb6 59. Kc6 Bd8 60. Kb5 Bf6 61. a5 Ke7 62. a6 Bd4 63. Kc6 Ke6 64. Bc2 Ke7 65. Kb7 1-0

[Event "Kavala op 25th"]
[Site "Kavala"]
[Date "2016.07.31"]
[Round "3"]
[White "Hrisomalis, Theodoros"]
[Black "Shvayger, Yuliya"]
[Result "1/2-1/2"]
[WhiteElo "2100"]
[BlackElo "2416"]
[PlyCount "111"]
[EventDate "2016.07.30"]
[EventType "swiss"]
[EventRounds "9"]
[EventCountry "GRE"]
[SourceTitle "CBM 173 Extra"]
[Source "ChessBase"]
[SourceDate "2016.08.29"]
[SourceVersion "1"]
[SourceVersionDate "2016.08.29"]
[SourceQuality "1"]

1. e4 c5 2. c3 Nf6 3. e5 Nd5 4. d4 cxd4 5. Nf3 Nc6 6. cxd4 d6 7. Bc4 dxe5 8. dxe5 Ndb4 9. Qxd8+ Nxd8 10. Na3 a6 11. Bd2 Nbc6 12. Nc2 Be6 13. Bxe6 Nxe6 14. 0-0 0-0-0 15. Rfd1 g6 16. Rac1 Kb8 17. Nb4 Ncd4 18. Nxd4 Rxd4 19. Bc3 Rxd1+ 20. Rxd1 Bh6 21. Kf1 Rd8 22. Rd5 Kc8 23. g3 Nc7 24. Rxd8+ Kxd8 25. Ke2 Nb5 26. Kd3 Kd7 27. f4 Ke6 28. Ke4 f5+ 29. exf6 Nxc3+ 30. bxc3 exf6 31. c4 f5+ 32. Ke3 Kd6 33. Nd3 Bg7 34. h3 b5 35. cxb5 axb5 36. g4 Kd5 37. gxf5 gxf5 38. Nc1 Kc4 39. Ne2 Bf8 40. Ng3 Bc5+ 41. Ke2 Kc3 42. Nxf5 Kb2 43. Ne3 Kxa2 44. Nd5 b4 45. Nxb4+ Bxb4 46. h4 h5 47. f5 Be7 48. f6 Bxf6 49. Kf2 Kb2 50. Kg2 Kc2 51. Kg1 Kd2 52. Kg2 Ke2 53. Kg1 Kf3 54. Kh1 Kf2 55. Kh2 Kf1 56. Kh1 1/2-1/2

[Event "GRE-chT 44th"]
[Site "Achaia"]
[Date "2016.07.05"]
[Round "1.5"]
[White "Hrisomalis, Theodoros"]
[Black "Naoum, Spyridon"]
[Result "0-1"]
[WhiteElo "2100"]
[BlackElo "2283"]
[PlyCount "116"]
[EventDate "2016.07.05"]
[EventType "team-swiss"]
[EventRounds "7"]
[EventCountry "GRE"]
[SourceTitle "CBM 173 Extra"]
[Source "ChessBase"]
[SourceDate "2016.08.29"]
[SourceVersion "1"]
[SourceVersionDate "2016.08.29"]
[SourceQuality "1"]
[WhiteTeam "Kavalas OFS"]
[BlackTeam "Chania Chess Academy"]
[WhiteTeamCountry "GRE"]
[BlackTeamCountry "GRE"]

1. e4 c5 2. c3 Nf6 3. e5 Nd5 4. d4 cxd4 5. Nf3 e6 6. cxd4 d6 7. Bc4 Nb6 8. Bd3 Nc6 9. 0-0 Nb4 10. Bg5 Be7 11. Bxe7 Qxe7 12. Nc3 dxe5 13. dxe5 Bd7 14. Be4 Bc6 15. a3 Rd8 16. Nd4 N4d5 17. Nxc6 bxc6 18. Qg4 0-0 19. Rac1 Nd7 20. Rfe1 g6 21. Bb1 Rb8 22. b4 a5 23. bxa5 Qxa3 24. Ne4 Rb4 25. Qg5 Qxa5 26. Bd3 Rd4 27. Bb1 Rb8 28. f4 Rdb4 29. Bd3 Rd4 30. Bb1 Kg7 31. f5 exf5 32. Nd6 Qd2 33. Nxf5+ Kf8 34. Qg3 gxf5 35. Bxf5 Ne7 36. Bxd7 Rxd7 37. e6 Rd6 38. exf7 Rb2 39. Rb1 Rxb1 40. Rxb1 Qd4+ 41. Qf2 Qxf2+ 42. Kxf2 Kxf7 43. Rb2 Ke6 44. Kf3 Rd1 45. Rc2 Kd5 46. Kg4 c5 47. Kg5 c4 48. Kh6 Kd4 49. Kxh7 Kd3 50. Rf2 c3 51. Rf3+ Kd2 52. Rf2+ Kc1 53. g4 Rg1 54. h4 Rxg4 55. h5 c2 56. h6 Ng8 57. Kh8 Nxh6 58. Kh7 Kb1 0-1

[Event "GRE-chT 43rd"]
[Site "Porto Rio"]
[Date "2015.10.11"]
[Round "6.2"]
[White "Hrisomalis, Theodoros"]
[Black "Goumas, Georgios"]
[Result "0-1"]
[WhiteElo "2131"]
[BlackElo "2381"]
[PlyCount "146"]
[EventDate "2015.10.08"]
[EventType "team-swiss"]
[EventRounds "7"]
[EventCountry "GRE"]
[SourceTitle "CBM 168 Extra"]
[Source "ChessBase"]
[SourceDate "2015.10.29"]
[SourceVersion "1"]
[SourceVersionDate "2015.10.29"]
[SourceQuality "1"]
[WhiteTeam "Kavalas"]
[BlackTeam "Nice Fysiolatris"]
[WhiteTeamCountry "GRE"]
[BlackTeamCountry "GRE"]

1. e4 c5 2. Nf3 d6 3. c3 Nf6 4. h3 Nc6 5. Bd3 d5 6. e5 Nd7 7. Bb5 Qb6 8. Qe2 c4 9. Ba4 Nc5 10. Bc2 Qa6 11. 0-0 Nd3 12. Bxd3 cxd3 13. Qe3 Bf5 14. Nh4 Bd7 15. Na3 e6 16. b4 Qb6 17. Nf3 Qxe3 18. dxe3 a5 19. b5 Na7 20. Nd4 Bxa3 21. Bxa3 Nxb5 22. Nxb5 Bxb5 23. Rab1 Ba4 24. Bc1 b5 25. Bd2 Rc8 26. a3 Rc4 27. Rb2 Kd7 28. f3 Rhc8 29. Rc1 R8c5 30. Kf2 Bc2 31. Ke1 Kc6 32. Ra1 h5 33. Raa2 h4 34. Ra1 Kb7 35. Raa2 Ka6 36. Ra1 Ra4 37. Raa2 Rc8 38. Kf2 Rh8 39. Ra1 Rh5 40. f4 g5 41. Rba2 gxf4 42. exf4 Rc4 43. g3 hxg3+ 44. Kxg3 Rh7 45. Rh1 Rc8 46. Raa1 d4 47. cxd4 b4 48. axb4 a4 49. d5 exd5 50. h4 Rg8+ 51. Kf3 Rhg7 52. Rh2 Rg1 53. Rxg1 Rxg1 54. h5 a3 55. h6 a2 56. Bc3 a1Q 57. Bxa1 Rxa1 58. h7 d2 59. Rxd2 Be4+ 60. Kg4 Rg1+ 61. Kh5 Rh1+ 62. Kg5 Rxh7 63. f5 Kb5 64. e6 fxe6 65. fxe6 Kc6 66. Kf6 Kd6 67. Ra2 Bd3 68. Ra3 Bc4 69. b5 Bxb5 70. Rb3 Bc6 71. Rb6 Rh6+ 72. Kf5 Rxe6 73. Rb4 Re8 0-1

[Event "GRE-chT 43rd"]
[Site "Porto Rio"]
[Date "2015.10.10"]
[Round "4.2"]
[White "Hrisomalis, Theodoros"]
[Black "Kokkalis, Haralabos"]
[Result "1/2-1/2"]
[WhiteElo "2131"]
[BlackElo "1857"]
[PlyCount "62"]
[EventDate "2015.10.08"]
[EventType "team-swiss"]
[EventRounds "7"]
[EventCountry "GRE"]
[SourceTitle "CBM 168 Extra"]
[Source "ChessBase"]
[SourceDate "2015.10.29"]
[SourceVersion "1"]
[SourceVersionDate "2015.10.29"]
[SourceQuality "1"]
[WhiteTeam "Kavalas"]
[BlackTeam "Orekastro Marion"]
[WhiteTeamCountry "GRE"]
[BlackTeamCountry "GRE"]

1. e4 c5 2. Nf3 e6 3. c3 Nf6 4. e5 Nd5 5. d4 cxd4 6. cxd4 d6 7. a3 Be7 8. Bd3 Nd7 9. 0-0 b6 10. Bd2 Bb7 11. Qe2 Rc8 12. Nc3 Nxc3 13. Bxc3 0-0 14. Rfd1 Qc7 15. exd6 Bxd6 16. Ne5 Nf6 17. Bd2 h6 18. Rac1 Qe7 19. h3 Rfd8 20. Rxc8 Rxc8 21. Rc1 Rxc1+ 22. Bxc1 Qc7 23. Bd2 Bd5 24. Nc4 Bh2+ 25. Kf1 Ne4 26. Bxe4 Bxc4 27. Bd3 Bxd3 28. Qxd3 Bd6 29. Ke2 Be7 30. Qc3 Qd7 31. Qc4 Bf6 1/2-1/2

[Event "GRE-chT 43rd"]
[Site "Porto Rio"]
[Date "2015.10.10"]
[Round "5.1"]
[White "Nikolaidis, Ioannis"]
[Black "Hrisomalis, Theodoros"]
[Result "1-0"]
[WhiteElo "2561"]
[BlackElo "2131"]
[PlyCount "101"]
[EventDate "2015.10.08"]
[EventType "team-swiss"]
[EventRounds "7"]
[EventCountry "GRE"]
[SourceTitle "CBM 168 Extra"]
[Source "ChessBase"]
[SourceDate "2015.10.29"]
[SourceVersion "1"]
[SourceVersionDate "2015.10.29"]
[SourceQuality "1"]
[WhiteTeam "Peristeriou"]
[BlackTeam "Kavalas"]
[WhiteTeamCountry "GRE"]
[BlackTeamCountry "GRE"]

1. d4 d5 2. Nf3 c6 3. c4 Nf6 4. Nc3 Bg4 5. Ne5 Bf5 6. cxd5 cxd5 7. Bf4 Nc6 8. e3 Qa5 9. Qb3 Qb4 10. Nxc6 Qxb3 11. axb3 bxc6 12. Ba6 Bc8 13. Bxc8 Rxc8 14. Rxa7 e6 15. Ke2 Bb4 16. Rc1 Bxc3 17. Rxc3 0-0 18. b4 g5 19. Bc7 Ne8 20. Rxc6 Rxc7 21. Raxc7 Nxc7 22. Rxc7 Rb8 23. Kd2 Rxb4 24. Kc3 Rb8 25. b4 Kf8 26. g4 h6 27. Kb3 Ke8 28. h3 Kf8 29. Ra7 Ke8 30. Ka4 Rc8 31. b5 Rc1 32. b6 Rb1 33. b7 Kd8 34. Ka5 Kc7 35. b8Q+ Kxb8 36. Rxf7 Kc8 37. Re7 Rh1 38. Kb6 Rxh3 39. Kc6 Kd8 40. Rxe6 Rf3 41. Kxd5 Rxf2 42. e4 Rf4 43. Rxh6 Rxg4 44. e5 Ke7 45. Rh7+ Kf8 46. e6 Rf4 47. Ke5 Rf1 48. Kd6 Re1 49. Rf7+ Kg8 50. Rf5 Kg7 51. e7 1-0